The Linux programming interface : (Record no. 585982)

000 -LEADER
fixed length control field 00762cam a2200217 a 4500
020 ## - INTERNATIONAL STANDARD BOOK NUMBER
International Standard Book Number 9781593272203
020 ## - INTERNATIONAL STANDARD BOOK NUMBER
International Standard Book Number 1593272200
082 00 - DEWEY DECIMAL CLASSIFICATION NUMBER
Classification number 005.432
100 1# - MAIN ENTRY--PERSONAL NAME
Personal name Kerrisk, Michael,
Dates associated with a name 1961-
245 14 - TITLE STATEMENT
Title The Linux programming interface :
Remainder of title a Linux and UNIX system programming handbook /
Statement of responsibility, etc. Michael Kerrisk.
260 ## - PUBLICATION, DISTRIBUTION, ETC.
Place of publication, distribution, etc. San Francisco :
Name of publisher, distributor, etc. No Starch Press,
Date of publication, distribution, etc. c2010.
300 ## - PHYSICAL DESCRIPTION
Extent xli, 1506 p. :
Other physical details ill. ;
Dimensions 25 cm.
504 ## - BIBLIOGRAPHY, ETC. NOTE
Bibliography, etc. note Includes bibliographical references (p. [1437]-1445) and index.
650 #0 - SUBJECT ADDED ENTRY--TOPICAL TERM
Topical term or geographic name entry element Linux.
650 #0 - SUBJECT ADDED ENTRY--TOPICAL TERM
Topical term or geographic name entry element UNIX (Computer file)
650 #0 - SUBJECT ADDED ENTRY--TOPICAL TERM
Topical term or geographic name entry element Operating systems (Computers)
942 ## - ADDED ENTRY ELEMENTS (KOHA)
Source of classification or shelving scheme
Koha item type Book
650 #0 - SUBJECT ADDED ENTRY--TOPICAL TERM
-- 65792
650 #0 - SUBJECT ADDED ENTRY--TOPICAL TERM
-- 81052
650 #0 - SUBJECT ADDED ENTRY--TOPICAL TERM
-- 6657
Holdings
Withdrawn status Lost status Source of classification or shelving scheme Damaged status Not for loan Permanent Location Current Location Date acquired Total Checkouts Total Renewals Full call number Barcode Date last seen Price effective from Koha item type
          Central Library (CL) Central Library (CL) 07/19/2021   6 005.432 KER CL-554 01/26/2026 07/19/2021 Book
© 2023 Central Library, National University of Sciences and Technology. All Rights Reserved.